| 000 | 03793cam a22007697i 4500 | ||
|---|---|---|---|
| 999 |
_c210331 _d210331 |
||
| 001 | 18692577 | ||
| 003 | OSt | ||
| 005 | 20210821170844.0 | ||
| 008 | 150709t20152015nyuab b 000 0 eng c | ||
| 010 | _a 2015452411 | ||
| 015 |
_aGBB4E6019 _2bnb |
||
| 016 | 7 |
_a016975345 _2Uk |
|
| 020 |
_a9781612193748 _q(hardcover) |
||
| 020 |
_a1612193749 _q(hardcover) |
||
| 020 |
_z9781612193755 _q(ebook) |
||
| 020 |
_z1612193757 _q(ebook) |
||
| 020 |
_z9781612194486 _q(paperback : _qexport edition) |
||
| 035 | _a(OCoLC)ocn879582444 | ||
| 040 |
_aYDXCP _beng _cYDXCP _erda _dBTCTA _dBDX _dOCLCQ _dUKMGB _dCLE _dOCP _dIH9 _dCGP _dTJC _dIDU _dUAB _dOCLCF _dZWZ _dBEDGE _dTOZ _dVP@ _dCHVBK _dOCLCO _dOCLCQ _dOCLCO _dDLC |
||
| 050 | 0 | 0 |
_aHM806 _b.G73 2015 |
| 082 | _a302.35 GRA | ||
| 100 | 1 |
_aGraeber, David, _eauthor. |
|
| 245 | 1 | 4 |
_aThe Utopia of Rules : _bOn Technology, Stupidity, and the Secret Joys of Bureaucracy / _cDavid Graeber. |
| 264 | 1 |
_aBrooklyn : _aLondon : _bMelville House, |
|
| 264 | 4 | _c©2015 | |
| 300 |
_a261 pages : _billustrations, map ; _c23 cm |
||
| 336 |
_atext _btxt _2rdacontent |
||
| 337 |
_aunmediated _bn _2rdamedia |
||
| 338 |
_avolume _bnc _2rdacarrier |
||
| 500 | _aSome chapters previously published in various sources in 2012. | ||
| 505 | 0 | _aIntroduction; the iron law of liberalism and the era of total bureaucratization; Dead zones of the imagination; an essay on structural stupidity; Of flying cars and the declining rate of profit; The utopia of rules, or why we really love bureaucracy after all; Appendix; On Batman and the problem of constituent power. | |
| 520 | _a"Where does the desire for endless rules, regulations, and bureaucracy come from? How did we come to spend so much of our time filling out forms? And is it really a cipher for state violence? To answer these questions, anthropologist David Graeber ... traces the peculiar and unexpected ways we relate to bureaucracy today, and reveals how it shapes our lives in ways we may not even notice"--Jacket. | ||
| 650 | 0 | _aBureaucracy. | |
| 650 | 0 | _aSocial structure. | |
| 650 | 0 | _aPower (Social sciences) | |
| 650 | 0 | _aLiberalism. | |
| 650 | 0 |
_aTechnological innovations _xSocial aspects. |
|
| 650 | 0 |
_aImagination _xSocial aspects. |
|
| 650 | 0 | _aStupidity. | |
| 650 | 7 |
_aBureaucratie. _2eclas |
|
| 650 | 7 |
_aRéglementation. _2eclas |
|
| 650 | 7 |
_aAspects socio-économiques. _2eclas |
|
| 650 | 7 |
_aSciences sociales. _2eclas |
|
| 650 | 7 |
_aLibéralisme. _2eclas |
|
| 650 | 7 |
_aBureaucracy. _2fast _0(OCoLC)fst00841702 |
|
| 650 | 7 |
_aImagination _xSocial aspects. _2fast _0(OCoLC)fst00967597 |
|
| 650 | 7 |
_aLiberalism. _2fast _0(OCoLC)fst00997183 |
|
| 650 | 7 |
_aPower (Social sciences) _2fast _0(OCoLC)fst01074219 |
|
| 650 | 7 |
_aSocial structure. _2fast _0(OCoLC)fst01123372 |
|
| 650 | 7 |
_aStupidity. _2fast _0(OCoLC)fst01136261 |
|
| 650 | 7 |
_aTechnological innovations _xSocial aspects. _2fast _0(OCoLC)fst01145049 |
|
| 650 | 7 |
_aBürokratie. _2gnd _0(DE-588)4008822-4 |
|
| 650 | 7 |
_aSoziologische Theorie. _2gnd _0(DE-588)4077628-1 |
|
| 650 | 7 |
_aBureaucratie. _2ram |
|
| 650 | 7 |
_aStructure sociale. _2ram |
|
| 650 | 7 |
_aPouvoir (sciences sociales) _2ram |
|
| 650 | 7 |
_aLibéralisme. _2ram |
|
| 650 | 7 |
_aInnovations _xAspect social. _2ram |
|
| 650 | 7 |
_aImagination _xAspect social. _2ram |
|
| 650 | 7 |
_aBêtise. _2ram |
|
| 856 | 4 | 2 |
_3Contributor biographical information _uhttp://www.loc.gov/catdir/enhancements/fy1607/2015452411-b.html |
| 856 | 4 | 2 |
_3Publisher description _uhttp://www.loc.gov/catdir/enhancements/fy1607/2015452411-d.html |
| 856 | 4 | 1 |
_3Table of contents only _uhttp://www.loc.gov/catdir/enhancements/fy1607/2015452411-t.html |
| 906 |
_a7 _bcbc _cpccadap _d2 _encip _f20 _gy-gencatlg |
||
| 942 |
_2ddc _cBK |
||